000
00313nam a2200109Ia 4500
008
220204s9999 xx 000 0 und d
082
_a
631.811.3
_b
IND
245
0
_a
Potassium in soils crops and fertilizers
260
_a
Delhi
_b
Indian Society of Soil science
_c
1976
650
_a
Potassium fertilizers
942
_c
BK
999
_c
24936
_d
24936